| 000 | 00491nam a22001577a 4500 | ||
|---|---|---|---|
| 999 |
_c8484 _d8484 |
||
| 008 | 201125b ||||| |||| 00| 0 eng d | ||
| 040 | _aBMS College of Architecture | ||
| 100 | _aD S, Sinchana | ||
| 245 | _aNimith where the living world connects with the departed Mysore | ||
| 300 | _a78p. | ||
| 500 | _a1BM14AT100 | ||
| 502 |
_8B,Arch _NBMS College of Architecture, Visvesvaraya Technological University (VTU) _aProject report _d2018 |
||
| 650 | _aNA | ||
| 700 | _aNA | ||
| 942 |
_2ddc _cTHE |
||